Loading...
| History - European History | 0 | 4 | 0 | 3 | 40 | 97 | 126.25 | 1 | 4 |
| History - American History | 0 | 3 | 0 | 1 | 30 | 114 | 128.67 | 0 | 3 |
| Other Academic | 1 | 0 | 0 | 0 | 15 | 51 | 51.00 | 1 | 1 |
| Geography | 0 | 2 | 1 | 0 | 15 | 130 | 144.50 | 1 | 2 |
| Religion | 0 | 1 | 0 | 0 | 10 | 127 | 127.00 | 0 | 1 |
| Science - Other Science | 0 | 1 | 0 | 0 | 10 | 100 | 100.00 | 0 | 1 |
| Current Events | 0 | 1 | 0 | 0 | 10 | 120 | 120.00 | 0 | 1 |
| Fine Arts - Visual Fine Arts | 0 | 1 | 0 | 0 | 10 | 137 | 137.00 | 0 | 1 |
| History - Ancient History | 0 | 1 | 0 | 0 | 10 | 143 | 143.00 | 0 | 1 |
| Literature - European Literature | 0 | 1 | 0 | 0 | 10 | 131 | 131.00 | 1 | 1 |
| Science - Physics | 0 | 0 | 0 | 0 | 0 | 0.00 | 0 | 0 |